MARC details
| 000 -CABECERA |
| campo de control de longitud fija |
01841nas a2200241 a 4500 |
| 005 - FECHA Y HORA DE LA ÚLTIMA TRANSACCIÓN |
| campo de control |
20250415094420.0 |
| 007 - CAMPO FIJO DE DESCRIPCIÓN FÍSICA--INFORMACIÓN GENERAL |
| campo de control de longitud fija |
ta |
| 008 - DATOS DE LONGITUD FIJA--INFORMACIÓN GENERAL |
| campo de control de longitud fija |
250129e2016 dr f||p|r||||||0| 0 spa d |
| 040 ## - FUENTE DE LA CATALOGACIÓN |
| Centro catalogador/agencia de origen |
DO-SdBNP |
| Centro/agencia transcriptor |
DO-SdBNP |
| Normas de descripción |
rda |
| 041 ## - CÓDIGO DE LENGUA |
| Código de lengua original |
spa |
| 110 ## - ENTRADA PRINCIPAL--NOMBRE DE ENTIDAD CORPORATIVA |
| Nombre de entidad corporativa o nombre de jurisdicción como elemento de entrada |
Universidad Autónoma de Santo Domingo (UASD) |
| 9 (RLIN) |
84760 |
| Unidad subordinada |
Facultad de Ciencia de la Educación (FCE) |
| 245 ## - MENCIÓN DE TÍTULO |
| Título |
Facetas educativas : |
| Resto del título |
revista de la Facultad de Ciencias de la Educación de la Universidad Autónoma de Santo Domingo UASD / |
| Mención de responsabilidad, etc. |
Facultad de Ciencia de la Educación (FCE). |
| 264 ## - PRODUCCIÓN, PUBLICACIÓN, DISTRIBUCIÓN, FABRICACIÓN Y COPYRIGHT |
| Producción, publicación, distribución, fabricación y copyright |
Santo Domingo, República Dominicana : |
| Nombre del de productor, editor, distribuidor, fabricante |
Facultad de Ciencia de la Educación (FCE), |
| Fecha de producción, publicación, distribución, fabricación o copyright |
2016. |
| 300 ## - DESCRIPCIÓN FÍSICA |
| Extensión |
volumen : |
| Otras características físicas |
ilustraciones, fotografías, graficas, tablas ; |
| Dimensiones |
28 cm. |
| 310 ## - PERIODICIDAD ACTUAL |
| Periodicidad actual |
Semestral. |
| 336 ## - TIPO DE CONTENIDO |
| Término de tipo de contenido |
texto |
| Código de tipo de contenido |
txt |
| Fuente |
rdacontent |
| 337 ## - TIPO DE MEDIO |
| Nombre/término del tipo de medio |
sin mediación |
| Código del tipo de medio |
n |
| Fuente |
rdamedia |
| 338 ## - TIPO DE SOPORTE |
| Nombre/término del tipo de soporte |
volumen |
| Código del tipo de soporte |
nc |
| Fuente |
rdacarrier |
| 362 ## - FECHAS DE PUBLICACIÓN Y/O DESIGNACIÓN SECUENCIAL |
| Fecha de publicación y/o designación secuencial |
Año 1, Número 1. Enero-Junio 2016. |
| 520 ## - SUMARIO, ETC. |
| Sumario, etc. |
Facetas Educativas es una revista de carácter académico y científico de la Facultad de Ciencias de la Educación (FCE) de la Universidad Autónoma de Santo Domingo (UASD). Surge en el 2016, como espacio al servicio de la reflexión crítica en materia educativa, con el propósito de aportar a la formación intelectual de docentes y estudiantes de Educación, para la mejora de la calidad educativa y el desarrollo integral sostenible. Desde el año 2023, el Consejo Editorial de la revista ha adoptado una nueva política de difusión, mediante la cual la ha llevado a ser editada en formato digital en el Open Journal System (OJS). Con esta política, Facetas Educativas da un salto cualitativo en su divulgación, para estar al servicio de la comunicada académica y científica global. |
| 650 #0 - PUNTO DE ACCESO ADICIONAL DE MATERIA--TÉRMINO DE MATERIA |
| Término de materia o nombre geográfico como elemento de entrada |
Educación superior |
| 9 (RLIN) |
736 |
| Subdivisión de forma |
Publicaciones periódicas |
| Subdivisión geográfica |
República Dominicana |
| 942 ## - ELEMENTOS DE PUNTO DE ACCESO ADICIONAL (KOHA) |
| Fuente del sistema de clasificación o colocación |
Dewey Decimal Classification |
| Tipo de ítem Koha |
Publicación periódica |